000 00653nam a22002057a 4500
003 OSt
005 20250807080610.0
008 240514b |||||||| |||| 00| 0 eng d
020 _a97862104050378
040 _aDWC-Main Lib
_cOc
082 _aFil. 658.8 Ab117m 2024
100 _aAbantao, Baniline Jone V.
245 _aMarketing management/
_cBaniline Jone V. Abantao
250 _aFirst edition
260 _aManila, Philippines :
_bRex Bookstore,
_cc2024.
300 _aviii, 285 pages :
_billustrations ;
_c26cm.
504 _aIncludes bibliography and index.
650 _21. Marketing management.
942 _2ddc
_cBK - FIL
_eFirst edition
_kFil.
_n0
999 _c26
_d26